[Event "FICGS theme 0001 email"]
[Site "FICGS email"]
[Date "2011.11.22"]
[Round "1"]
[White "Pech, Jaroslav Sr"]
[Black "Glosery, John"]
[Result "1-0"]
[WhiteElo "1002"]
[BlackElo "1429"]
[PlyCount "49"]
[EventDate "2011.??.??"]
[EventType "swiss (corr)"]
[EventRounds "1"]
[SourceTitle "Corr 2013"]
[Source "ChessBase"]
[SourceDate "2012.11.12"]
[SourceVersion "1"]
[SourceVersionDate "2012.11.12"]
[SourceQuality "1"]

1. e4 e5 2. f4 exf4 3. g3 Nf6 4. e5 Nd5 5. Bg2 c6 6. Nc3 Nxc3 7. dxc3 Bc5 8. Qd3 0-0 9. Bxf4 b6 10. Nf3 Ba6 11. c4 b5 12. Ng5 g6 13. Ne4 bxc4 14. Qc3 Be7 15. Bh6 f6 16. Bxf8 Qxf8 17. exf6 d5 18. 0-0 Bc5+ 19. Nxc5 Qxc5+ 20. Rf2 d4 21. f7+ Kf8 22. Qd2 g5 23. Qe2 Nd7 24. Qe6 Ne5 25. Qh6+ 1-0

[Event "FICGS theme 0001 email"]
[Site "FICGS email"]
[Date "2011.11.22"]
[Round "1"]
[White "Sternik, Ryszard"]
[Black "Glosery, John"]
[Result "1-0"]
[WhiteElo "1789"]
[BlackElo "1429"]
[PlyCount "29"]
[EventDate "2011.??.??"]
[EventType "swiss (corr)"]
[EventRounds "1"]
[SourceTitle "Corr 2013"]
[Source "ChessBase"]
[SourceDate "2012.11.12"]
[SourceVersion "1"]
[SourceVersionDate "2012.11.12"]
[SourceQuality "1"]

1. e4 e5 2. Bc4 Nf6 3. d3 a6 4. Nf3 b5 5. Bb3 Bb4+ 6. c3 Be7 7. Nxe5 0-0 8. Nxf7 Rxf7 9. Bxf7+ Kxf7 10. e5 Ne8 11. Qf3+ Kg8 12. Qxa8 Nc6 13. d4 d6 14. Qxc6 dxe5 15. dxe5 1-0

[Event "FICGS no engines 01 email"]
[Site "FICGS email"]
[Date "2011.11.04"]
[Round "1"]
[White "Glosery, John"]
[Black "Mac"]
[Result "0-1"]
[WhiteElo "1429"]
[BlackElo "898"]
[PlyCount "24"]
[EventDate "2011.??.??"]
[EventType "swiss (corr)"]
[EventRounds "1"]
[SourceTitle "Corr 2013"]
[Source "ChessBase"]
[SourceDate "2012.11.12"]
[SourceVersion "1"]
[SourceVersionDate "2012.11.12"]
[SourceQuality "1"]

1. Nf3 d5 2. g3 c5 3. Bg2 Nc6 4. 0-0 e5 5. c3 Nf6 6. d4 e4 7. Ne5 h5 8. Bg5 Qb6 9. Nxc6 bxc6 10. Bxf6 gxf6 11. Nd2 Qxb2 12. Nb3 c4 0-1

[Event "FICGS no engines 01 email"]
[Site "FICGS email"]
[Date "2011.11.04"]
[Round "1"]
[White "Pipac, Darko"]
[Black "Glosery, John"]
[Result "0-1"]
[WhiteElo "1439"]
[BlackElo "1429"]
[PlyCount "70"]
[EventDate "2011.??.??"]
[EventType "swiss (corr)"]
[EventRounds "1"]
[SourceTitle "Corr 2013"]
[Source "ChessBase"]
[SourceDate "2012.11.12"]
[SourceVersion "1"]
[SourceVersionDate "2012.11.12"]
[SourceQuality "1"]

1. e4 e6 2. d4 a6 3. Nf3 b5 4. a4 bxa4 5. Rxa4 Bb7 6. Nc3 a5 7. g3 Bb4 8. Bd2 Bxc3 9. Bxc3 Bxe4 10. Rxa5 Nc6 11. Rxa8 Qxa8 12. Bg2 Bd5 13. 0-0 Nce7 14. Bd2 Nf5 15. Bf4 d6 16. Qd3 c5 17. Re1 Nf6 18. Qxf5 Bxf3 19. Bxf3 Qxf3 20. dxc5 0-0 21. Qd3 Qh5 22. f3 Qxc5+ 23. Kg2 Nd5 24. Be3 Qb4 25. Rb1 Rb8 26. Bd4 e5 27. Ba7 Rb7 28. Qxd5 Rxa7 29. c3 Qb8 30. h4 h6 31. b4 Ra2+ 32. Kh3 Qc8+ 33. g4 Qxc3 34. b5 Qc2 35. Rg1 Qh2# 0-1

[Event "FICGS rapid D 000060 email"]
[Site "FICGS email"]
[Date "2011.07.08"]
[Round "1"]
[White "Guralivu, Paul Iosif"]
[Black "Glosery, John"]
[Result "1-0"]
[WhiteElo "1373"]
[BlackElo "1429"]
[PlyCount "55"]
[EventDate "2011.??.??"]
[EventType "tourn (rapid)"]
[EventRounds "6"]
[SourceTitle "Corr 2013"]
[Source "ChessBase"]
[SourceDate "2012.11.12"]
[SourceVersion "1"]
[SourceVersionDate "2012.11.12"]
[SourceQuality "1"]

1. e4 e6 2. d4 a6 3. Nf3 b5 4. Be2 Bb7 5. Nbd2 d6 6. 0-0 Be7 7. e5 Nd7 8. c4 Nh6 9. cxb5 0-0 10. bxa6 Bxa6 11. Bxa6 Rxa6 12. Nc4 Qb8 13. Bxh6 gxh6 14. Qd2 d5 15. Ne3 Bb4 16. Qc1 Rc8 17. Ng4 Bf8 18. b3 Qb4 19. Nxh6+ Bxh6 20. Qxh6 Qf8 21. Qg5+ Kh8 22. Rfc1 c6 23. Rc3 Qa3 24. Qf4 Rf8 25. Ng5 f6 26. Nxh7 fxe5 27. Qh6 Kg8 28. Rg3+ 1-0

[Event "FICGS class D 000172 email"]
[Site "FICGS email"]
[Date "2011.07.04"]
[Round "1"]
[White "Glosery, John"]
[Black "Krakovsky, Peter"]
[Result "0-1"]
[WhiteElo "1429"]
[BlackElo "1464"]
[PlyCount "30"]
[EventDate "2011.??.??"]
[EventType "tourn (corr)"]
[EventRounds "6"]
[SourceTitle "Corr 2013"]
[Source "ChessBase"]
[SourceDate "2012.11.12"]
[SourceVersion "1"]
[SourceVersionDate "2012.11.12"]
[SourceQuality "1"]

1. e4 c5 2. Nc3 d6 3. f4 Nc6 4. Nf3 g6 5. Bb5 Bd7 6. Bxc6 Bxc6 7. d3 Bg7 8. Bd2 Nf6 9. Qe2 0-0 10. 0-0-0 b5 11. Be3 b4 12. Nb1 Qa5 13. b3 Qxa2 14. Rd2 Nxe4 15. dxe4 Bb2+ 0-1

[Event "FICGS no engines 00 email"]
[Site "FICGS email"]
[Date "2010.11.14"]
[Round "1"]
[White "Pierre, Jonathan"]
[Black "Glosery, John"]
[Result "1-0"]
[WhiteElo "1950"]
[BlackElo "1600"]
[PlyCount "43"]
[EventDate "2010.??.??"]
[EventType "swiss (corr)"]
[EventRounds "1"]
[SourceTitle "Corr 2013"]
[Source "ChessBase"]
[SourceDate "2012.11.12"]
[SourceVersion "1"]
[SourceVersionDate "2012.11.12"]
[SourceQuality "1"]

1. e4 e6 2. d4 a6 3. Nf3 b5 4. Bd3 Bb7 5. 0-0 Be7 6. c3 d6 7. Be3 Nf6 8. Nbd2 0-0 9. Qc2 Nbd7 10. e5 dxe5 11. dxe5 Ng4 12. Bxh7+ Kh8 13. Be4 Nxe3 14. fxe3 Bxe4 15. Nxe4 Nc5 16. Rad1 Qe8 17. Neg5 Bxg5 18. Nxg5 g6 19. Qf2 Kg7 20. Qf6+ Kg8 21. Rf4 Nd7 22. Rxd7 1-0

[Event "FICGS rapid C 000094 email"]
[Site "FICGS email"]
[Date "2010.10.26"]
[Round "1"]
[White "Piantadosi, Angelo"]
[Black "Glosery, John"]
[Result "1-0"]
[WhiteElo "1552"]
[BlackElo "1600"]
[PlyCount "47"]
[EventDate "2010.??.??"]
[EventType "tourn (rapid)"]
[EventRounds "6"]
[SourceTitle "Corr 2013"]
[Source "ChessBase"]
[SourceDate "2012.11.12"]
[SourceVersion "1"]
[SourceVersionDate "2012.11.12"]
[SourceQuality "1"]

1. b3 e5 2. Bb2 d6 3. Nc3 Nf6 4. e3 Be7 5. Be2 0-0 6. Nf3 b6 7. 0-0 Bb7 8. d3 c5 9. d4 cxd4 10. exd4 Nbd7 11. dxe5 dxe5 12. Nb5 Bc6 13. Na3 a6 14. Nc4 Rb8 15. Ncxe5 Bxf3 16. Nxf3 Qc7 17. c4 Rbd8 18. Qc2 Rc8 19. Qf5 Rcd8 20. Rad1 g6 21. Qh3 Nh5 22. Nd4 Nf4 23. Qg3 Nh5 24. Qxc7 1-0

[Event "FICGS class C 000159 email"]
[Site "FICGS email"]
[Date "2010.10.12"]
[Round "1"]
[White "Glosery, John"]
[Black "Ropokis, Dimitrios"]
[Result "0-1"]
[WhiteElo "1600"]
[BlackElo "1738"]
[PlyCount "48"]
[EventDate "2010.??.??"]
[EventType "tourn (corr)"]
[EventRounds "6"]
[SourceTitle "Corr 2013"]
[Source "ChessBase"]
[SourceDate "2012.11.12"]
[SourceVersion "1"]
[SourceVersionDate "2012.11.12"]
[SourceQuality "1"]

1. e4 c6 2. f4 d6 3. Nf3 g6 4. d4 Bg7 5. Be2 Nf6 6. Nbd2 0-0 7. 0-0 Na6 8. Bxa6 bxa6 9. e5 Nd5 10. Ne4 Bf5 11. Ng3 Bg4 12. c4 Nc7 13. Qe1 Bxf3 14. Rxf3 dxe5 15. dxe5 f6 16. Re3 fxe5 17. fxe5 Qd4 18. Qe2 Bh6 19. Kh1 Bxe3 20. Bxe3 Qxe5 21. Rd1 Rad8 22. Rb1 Ne6 23. Kg1 Nd4 24. Qf2 Rxf2 0-1

[Event "FICGS class C 000159 email"]
[Site "FICGS email"]
[Date "2010.10.12"]
[Round "1"]
[White "Glosery, John"]
[Black "Von Buttlar, Paul"]
[Result "0-1"]
[WhiteElo "1600"]
[BlackElo "1683"]
[PlyCount "48"]
[EventDate "2010.??.??"]
[EventType "tourn (corr)"]
[EventRounds "6"]
[SourceTitle "Corr 2013"]
[Source "ChessBase"]
[SourceDate "2012.11.12"]
[SourceVersion "1"]
[SourceVersionDate "2012.11.12"]
[SourceQuality "1"]

1. e4 e6 2. Nf3 d5 3. e5 c5 4. c3 Nc6 5. d4 Qb6 6. Qb3 c4 7. Qxb6 axb6 8. Be2 f6 9. Bf4 fxe5 10. Nxe5 Nf6 11. 0-0 Nxe5 12. Bxe5 b5 13. Nd2 b4 14. Rfb1 Be7 15. Nf3 0-0 16. cxb4 Bxb4 17. Bd1 Bd7 18. Bc2 Ra6 19. Ng5 h6 20. Nf3 Rfa8 21. a4 Bxa4 22. Bg6 Be8 23. Rxa6 bxa6 24. Bxf6 Bxg6 0-1